000 00338nam a2200145Ia 4500
008 221030s9999 xx 000 0 und d
020 _a9788120301450
041 _aEnglish
100 _aN. Deo
245 0 _aGraph Theory
_cby N. Deo
260 _bPHI Learning
_aNew Delhi
_c2011
300 _a478
650 _aBB Computer
942 _cBK
999 _c18969
_d18969